000 00541nam a2200193Ia 4500
003 GCL
008 140319s9999 xx 000 0 ara d
040 _aGCL /
_cGCL
082 0 4 _aط
_b922.1
_bس ص
245 1 0 _aالصديق ابو بكر
260 _a[S.N] :
_bدار الكتب الحديثة ،
_c1992
300 _a23 ص
490 _aسيرة الخلفاء الراشدين
_v0
650 0 4 _aالاطفال
650 0 4 _aالقصص
650 0 4 _aقصص الاطفال
650 0 4 _aالقصص الدينية
942 _2ddc
_cBK
999 _c56510
_d56510